| 000 | 00000nam##2200000za#4500 |
| 001 | 9.659531 |
| 003 | CaOODSP |
| 005 | 20200330121751 |
| 007 | ta |
| 008 | 150407|1997||||xxc||||| f|0| 0 eng|d |
| 020 | |a0-662-63124-2 |
| 040 | |aCaOODSP|beng |
| 041 | |aeng |
| 041 | |afre |
| 043 | |an-cn--- |
| 086 | 1 |aBT22-51/1997 |
| 110 | 1 |aCanada. |bTreasury Board. |
| 245 | 10|aEmployment statistics for the federal public service : |bApril 1, 1996 to March 31, 1997 |
| 260 | |aOttawa - Ontario : |bTreasury Board of Canada Secretariat |c1997. |
| 300 | |aEnglish text, 8, 93p. : |bgraphs, tables ; |c28 cm. |
| 500 | |a"Provides workforce data by employment type, gender, occupational category, region, department and age. This year's report also offers a summary of Public Service 1 employment reductions for the period coinciding with the second complete year of Program Review."--Foreword. |
| 520 | 3 |aProvides workforce data by employment type, gender, occupational category, region, department and age. This year's report also offers a summary of Public Service 1 employment reductions for the period coinciding with the second complete year of Program Review.--Foreword |
| 546 | |aBilingual |
| 563 | |aSpiral binding |
| 590 | |a97-48|b1997-11-28 |
| 776 | 0#|tStatistiques de l'emploi dans la fonction publique fédérale : |w(CaOODSP)9.637796 |
| 776 | 0#|tEmployment statistics for the federal public service : |w(CaOODSP)9.693621 |
| 792 | |tStatistiques de l'emploi dans la fonction publique fédérale : |efre|w(CaOODSP)9.659532 |